| Tag |
First Indicator |
Second Indicator |
Subfields |
| LEADER |
00000cam a2200000 a 4500 |
| 001 |
in00001106513 |
| 005 |
20150929215752.0 |
| 008 |
840913s1923 ilu 000 1 cze d |
| 035 |
|
|
|a (OCoLC)11147759
|
| 035 |
|
|
|9 AFU4902AM
|
| 040 |
|
|
|a BAI
|c BAI
|d TXA
|d UtOrBLW
|
| 049 |
|
|
|a TXAM
|
| 090 |
|
|
|a PG5069.M7
|b N3 1923
|
| 100 |
1 |
|
|a Moravec, Bedřich,
|d 1859-1936.
|
| 245 |
1 |
0 |
|a Na cějkově :
|b novela /
|c Napsal Bedřich Moravec.
|
| 264 |
|
1 |
|a Chicago, Ill. :
|b Nákladem a tiskem Aug. Geringera,
|c 1923.
|
| 300 |
|
|
|a 208 pages :
|b illustrations ;
|c 20 cm.
|
| 336 |
|
|
|a text
|b txt
|2 rdacontent
|
| 337 |
|
|
|a unmediated
|b n
|2 rdamedia
|
| 338 |
|
|
|a volume
|b nc
|2 rdacarrier
|
| 505 |
0 |
|
|a Na čejkově.--Zkouiska lʹasky.--Přʹiživnʹici.
|
| 650 |
|
0 |
|a Czech fiction.
|
| 740 |
0 |
|
|a Zkouška lʹasky.
|
| 740 |
0 |
|
|a Přʹiživnʹici.
|
| 999 |
|
|
|a MARS
|
| 999 |
f |
f |
|s 4b226c90-ba91-3896-ad1f-f8f9f54fa1a8
|i dcf8715c-a09f-3823-aa64-edcbe0731601
|t 0
|
| 952 |
f |
f |
|p ric
|a Texas A&M University
|b Rellis Campus
|c Joint Library Facility
|s JLF
|d Remote Storage
|t 0
|e PG5069.M7 N3 1923
|h Library of Congress classification
|i unmediated -- volume
|m A14816867247
|
| 998 |
f |
f |
|a PG5069.M7 N3 1923
|t 0
|l Remote Storage
|